<?xml version="1.0" encoding="UTF-8"?>
<record
    xmlns:xsi="http://www.w3.org/2001/XMLSchema-instance"
    xsi:schemaLocation="http://www.loc.gov/MARC21/slim http://www.loc.gov/standards/marcxml/schema/MARC21slim.xsd"
    xmlns="http://www.loc.gov/MARC21/slim">

  <leader>01258nam a22002417a 4500</leader>
  <controlfield tag="005">20200104041625.0</controlfield>
  <controlfield tag="008">101122s2010    ck ad   r     000 0 spa d</controlfield>
  <datafield tag="020" ind1=" " ind2=" ">
    <subfield code="a">9789584462978</subfield>
  </datafield>
  <datafield tag="041" ind1="0" ind2=" ">
    <subfield code="a">spa</subfield>
  </datafield>
  <datafield tag="044" ind1=" " ind2=" ">
    <subfield code="a">ck</subfield>
  </datafield>
  <datafield tag="082" ind1="0" ind2="4">
    <subfield code="a">631.4</subfield>
    <subfield code="b">P66e</subfield>
  </datafield>
  <datafield tag="100" ind1="1" ind2=" ">
    <subfield code="a">Pinz&#xF3;n- Pinto, Angela</subfield>
    <subfield code="9">24001</subfield>
  </datafield>
  <datafield tag="245" ind1="1" ind2="0">
    <subfield code="a">Edafolog&#xED;a</subfield>
    <subfield code="c">Angela Pinz&#xF3;n Pinto</subfield>
  </datafield>
  <datafield tag="260" ind1=" " ind2=" ">
    <subfield code="a">Bogot&#xE1;</subfield>
    <subfield code="b">Cargraphics</subfield>
    <subfield code="c">2010.</subfield>
  </datafield>
  <datafield tag="300" ind1=" " ind2=" ">
    <subfield code="a">299 p.</subfield>
    <subfield code="b">il., tablas</subfield>
    <subfield code="c">24 cm.</subfield>
  </datafield>
  <datafield tag="504" ind1=" " ind2=" ">
    <subfield code="a">Incluye referencias bibliogr&#xE1;ficas (p. 295-299).</subfield>
  </datafield>
  <datafield tag="505" ind1="0" ind2=" ">
    <subfield code="t">Nacimiento de la edafolog&#xED;a. --  pag 19</subfield>
    <subfield code="g">La</subfield>
    <subfield code="t">geolog&#xED;a y los suelos colombianos. -- pag 27</subfield>
    <subfield code="g">El</subfield>
    <subfield code="t">suelo su g&#xE9;nesis y su evoluci&#xF3;n. --pag 33</subfield>
    <subfield code="t">Morfolog&#xED;a y descripci&#xF3;n de los suelos. --  pag 85</subfield>
    <subfield code="t">Materia org&#xE1;nica del suelo. -- pag 111</subfield>
    <subfield code="t">Propiedades del suelo. -- pag. 131</subfield>
    <subfield code="t">Degradaci&#xF3;n erosi&#xF3;n. -- pag 193</subfield>
    <subfield code="t">Indicadores de calidad del suelo. -- pag 215</subfield>
    <subfield code="t">Cartograf&#xED;a de suelos y sistemas de informaci&#xF3;n geogr&#xE1;fica. -- pag 231</subfield>
    <subfield code="g">El</subfield>
    <subfield code="t">suelo como elemento multifuncional de un ecosistema. -- pag 247</subfield>
    <subfield code="g">El</subfield>
    <subfield code="t">cambio clim&#xE1;tico y el suelo. -- pag 265</subfield>
    <subfield code="t">Toma de muestras de suelos. pag 285</subfield>
  </datafield>
  <datafield tag="650" ind1="1" ind2="4">
    <subfield code="a">Edafolog&#xED;a</subfield>
    <subfield code="9">24002</subfield>
  </datafield>
  <datafield tag="650" ind1="2" ind2="4">
    <subfield code="a">Ecolog&#xED;a de suelos</subfield>
    <subfield code="9">24003</subfield>
  </datafield>
  <datafield tag="650" ind1="2" ind2="4">
    <subfield code="a">Calidad de los suelos</subfield>
    <subfield code="9">24004</subfield>
  </datafield>
  <datafield tag="650" ind1="2" ind2="4">
    <subfield code="a">Suelos</subfield>
    <subfield code="9">287</subfield>
  </datafield>
  <datafield tag="942" ind1=" " ind2=" ">
    <subfield code="2">ddc</subfield>
    <subfield code="c">Impreso</subfield>
  </datafield>
  <datafield tag="999" ind1=" " ind2=" ">
    <subfield code="c">8421</subfield>
    <subfield code="d">8421</subfield>
  </datafield>
  <datafield tag="952" ind1=" " ind2=" ">
    <subfield code="0">0</subfield>
    <subfield code="1">0</subfield>
    <subfield code="2">ddc</subfield>
    <subfield code="4">0</subfield>
    <subfield code="7">0</subfield>
    <subfield code="8">GENERAL</subfield>
    <subfield code="I">INV2017</subfield>
    <subfield code="a">Venado</subfield>
    <subfield code="b">Venado</subfield>
    <subfield code="d">2014-05-05</subfield>
    <subfield code="e">Instituto</subfield>
    <subfield code="g">39000.00</subfield>
    <subfield code="l">0</subfield>
    <subfield code="o">LB-631.4 P66e</subfield>
    <subfield code="p">038032</subfield>
    <subfield code="r">2014-05-05 00:00:00</subfield>
    <subfield code="t">Ej. 1</subfield>
    <subfield code="w">2014-05-05</subfield>
    <subfield code="x">Donaci&#xF3;n</subfield>
    <subfield code="y">LIBRO</subfield>
  </datafield>
</record>
